Global Maritime Chokepoints - Statistics

General Stats
  • This quiz has been taken 115 times
  • The average score is 6 of 10
Answer Stats
Connecting Body of Water Connecting Body of Water Chokepoint % Correct
Red Sea Levantine Sea (Mediterrenean) Suez Canal
87%
Atlantic Ocean Alboran Sea (Mediterranean) Strait of Gibraltar
82%
Pacific Ocean Caribbean Sea Panama Canal
79%
Andaman Sea South China Sea Straits of Malacca
75%
Persian Gulf Gulf of Oman Strait of Hormuz
72%
Black Sea Aegean Sea (Mediterrenean) Turkish Straits
71%
North Sea English Channel Dover Strait
50%
Atlantic Ocean Indian Ocean Cape of Good Hope
49%
North Sea Baltic Sea Danish Straits
43%
Red Sea Gulf of Aden Bab-el-Mandeb
25%
No matching quizzes found
Score Distribution
Percent of People with Each Score
Percentile by Number Answered
Your Score History
You have not taken this quiz